[Event "Blumenau Taca Santa Catarina op"]
[Site "Blumenau"]
[Date "2015.11.07"]
[Round "3.16"]
[White "Moraes, Maurino Anastacio"]
[Black "Dos Reis, Nicolas Rodrigues"]
[Result "0-1"]
[WhiteElo "1652"]
[BlackElo "1892"]
[PlyCount "76"]
[EventDate "2015.11.06"]
[EventType "swiss"]
[EventRounds "6"]
[EventCountry "BRA"]
[SourceTitle "EXT 2022"]
[Source "ChessBase"]
[SourceDate "2021.10.06"]
[SourceVersion "1"]
[SourceVersionDate "2021.10.06"]
[SourceQuality "1"]

1. b4 Nf6 2. Bb2 g6 3. c4 Bg7 4. Nf3 0-0 5. e3 d6 6. d4 a5 7. b5 Nbd7 8. Be2 e5 9. 0-0 Re8 10. h3 e4 11. Nfd2 c6 12. a4 d5 13. Nc3 Bh6 14. Re1 Nf8 15. Nf1 Ne6 16. Rc1 Ng5 17. h4 Ne6 18. Ng3 Qd6 19. Nxd5 cxd5 20. Nf1 Nd8 21. Nh2 Be6 22. g4 Nd7 23. g5 Bg7 24. Bg4 f5 25. gxf6 Nxf6 26. Bxe6+ Qxe6 27. Kg2 Nf7 28. Nf1 Bh6 29. Ng3 Nd6 30. h5 Nxc4 31. Qe2 Rf8 32. hxg6 hxg6 33. Rg1 Rf7 34. Bc3 Raf8 35. Be1 Rh7 36. Bc3 Bxe3 37. Kf1 Ng4 38. Rg2 Bxc1 0-1

[Event "Florianopolis Cordioli Memorial"]
[Site "Florianopolis"]
[Date "2015.07.04"]
[Round "5"]
[White "Dos Reis, Nicolas Rodrigues"]
[Black "Da Silva Junior, Marco Aurelio"]
[Result "1-0"]
[WhiteElo "1894"]
[BlackElo "1577"]
[PlyCount "81"]
[EventDate "2015.07.03"]
[EventType "swiss"]
[EventRounds "7"]
[EventCountry "BRA"]
[SourceTitle "EXT 2016"]
[Source "ChessBase"]
[SourceDate "2015.10.08"]
[SourceVersion "1"]
[SourceVersionDate "2015.10.08"]
[SourceQuality "1"]

1. e4 d6 2. d4 Nf6 3. Nc3 c6 4. Nf3 Bg4 5. h3 Bh5 6. Be2 h6 7. 0-0 e6 8. Nh2 Bg6 9. Bd3 Be7 10. Be3 d5 11. e5 Bxd3 12. exf6 Bxf1 13. fxe7 Qxe7 14. Kxf1 Nd7 15. Qg4 g5 16. Kg1 0-0-0 17. Qe2 f5 18. f3 Nf6 19. a3 e5 20. dxe5 d4 21. Bxd4 Rxd4 22. exf6 Qxf6 23. Re1 Rd6 24. Qe5 Qxe5 25. Rxe5 Rd2 26. Re2 Rhd8 27. Kf2 f4 28. Ng4 h5 29. Nf6 h4 30. Nce4 Rxe2+ 31. Kxe2 Rf8 32. Nh7 Rd8 33. Nhxg5 Rd5 34. Ne6 Kd7 35. Nxf4 Rf5 36. Ng6 Ke6 37. Nxh4 Rh5 38. g3 Ke5 39. Ke3 Rh7 40. f4+ Kd5 41. Nf6+ 1-0

[Event "Florianopolis Cordioli Memorial"]
[Site "Florianopolis"]
[Date "2015.07.03"]
[Round "2"]
[White "Dos Reis, Nicolas Rodrigues"]
[Black "Dias, Nathan Straginski"]
[Result "1-0"]
[WhiteElo "1894"]
[BlackElo "1491"]
[PlyCount "54"]
[EventDate "2015.07.03"]
[EventType "swiss"]
[EventRounds "7"]
[EventCountry "BRA"]
[SourceTitle "EXT 2016"]
[Source "ChessBase"]
[SourceDate "2015.10.08"]
[SourceVersion "1"]
[SourceVersionDate "2015.10.08"]
[SourceQuality "1"]

1. d4 Nf6 2. Nf3 g6 3. c4 Bg7 4. Nc3 d6 5. e4 0-0 6. Be2 Nbd7 7. 0-0 e5 8. d5 Ne8 9. Ne1 f5 10. f3 f4 11. g4 Qh4 12. Nd3 g5 13. Bd2 Qh6 14. Kg2 Nef6 15. h3 Qg6 16. Be1 h5 17. Bf2 Kf7 18. c5 a6 19. Qb3 Ke7 20. Rac1 Rh8 21. Rh1 Rb8 22. Qa3 Bf8 23. b4 b5 24. Qa5 Kd8 25. a4 bxa4 26. cxd6 Bxd6 27. Nc5 Nb6 1-0

[Event "Florianopolis op"]
[Site "Florianopolis"]
[Date "2015.01.17"]
[Round "8"]
[White "Dos Reis, Nicolas Rodrigues"]
[Black "Fonseca, Luis Ernesto Serra"]
[Result "0-1"]
[WhiteElo "1870"]
[BlackElo "2088"]
[PlyCount "95"]
[EventDate "2015.01.14"]
[EventType "swiss"]
[EventRounds "10"]
[EventCountry "BRA"]
[SourceTitle "CBM 164 Extra"]
[Source "ChessBase"]
[SourceDate "2015.03.02"]
[SourceVersion "1"]
[SourceVersionDate "2015.03.02"]
[SourceQuality "1"]

1. d4 Nf6 2. Nf3 e6 3. c4 Bb4+ 4. Nc3 Nc6 5. g3 0-0 6. Bg2 Qe7 7. 0-0 Bxc3 8. bxc3 d6 9. Re1 e5 10. d5 Na5 11. Qa4 b6 12. e4 Qd7 13. Qb4 c5 14. dxc6 Qxc6 15. Nd2 Ba6 16. Ba3 Rfd8 17. Bf1 Rac8 18. Rad1 Ne8 19. Nf3 Nxc4 20. Bc1 h6 21. a4 Nf6 22. Bxc4 Bxc4 23. Nd2 Bd3 24. Bb2 a5 25. Qa3 Bc2 26. Ra1 Nxe4 27. Nxe4 Bxe4 28. Re2 Bf3 29. Rd2 Qd7 30. c4 e4 31. Qc3 f6 32. Kf1 d5 33. Ke1 Qh3 34. Rd4 Qxh2 35. Qe3 dxc4 36. Bc3 Qh5 37. Kd2 Qe8 38. Kc2 Kh7 39. Ra3 Qc6 40. Qd2 Rxd4 41. Qxd4 Ra8 42. Bd2 Be2 43. Be3 Rb8 44. Bf4 Rb7 45. Qd6 Qxd6 46. Bxd6 Bd3+ 47. Kc1 Rd7 48. Bf4 0-1

[Event "Catarinense-ch 59th"]
[Site "Joinville"]
[Date "2013.09.21"]
[Round "4"]
[White "Dos Reis, Nicolas Rodrigues"]
[Black "Reichert, Thiago da Cruz"]
[Result "0-1"]
[WhiteElo "1841"]
[BlackElo "2012"]
[PlyCount "71"]
[EventDate "2013.09.19"]
[EventType "swiss"]
[EventRounds "7"]
[EventCountry "BRA"]
[SourceTitle "CBM 156 Extra"]
[Source "ChessBase"]
[SourceDate "2013.10.22"]
[SourceVersion "1"]
[SourceVersionDate "2013.10.22"]
[SourceQuality "1"]

1. e4 e6 2. d4 d5 3. Nc3 Nf6 4. Bg5 Bb4 5. e5 h6 6. Bd2 Bxc3 7. bxc3 Ne4 8. Nf3 c5 9. Bd3 Nxd2 10. Qxd2 Nc6 11. 0-0 Qa5 12. Rfd1 Bd7 13. Rab1 c4 14. Be2 0-0-0 15. Rb2 Qa3 16. Rdb1 b6 17. Qe3 Ne7 18. Nd2 b5 19. Qf3 Kc7 20. Bxc4 dxc4 21. Nxc4 Qa6 22. Nd6 Rhf8 23. c4 Bc6 24. d5 Ba8 25. cxb5 Qb6 26. Qc3+ Kb8 27. a4 Nxd5 28. Qd2 f6 29. a5 Qc5 30. c4 fxe5 31. Ne4 Qxc4 32. b6 Nxb6 33. Qe3 Qxe4 34. Rxb6+ axb6 35. Rxb6+ Kc7 36. Qc5+ 0-1

[Event "Catarinense-ch 59th"]
[Site "Joinville"]
[Date "2013.09.20"]
[Round "2"]
[White "Dos Reis, Nicolas Rodrigues"]
[Black "Starke, Bruno Orlando"]
[Result "0-1"]
[WhiteElo "1841"]
[BlackElo "2087"]
[PlyCount "90"]
[EventDate "2013.09.19"]
[EventType "swiss"]
[EventRounds "7"]
[EventCountry "BRA"]
[SourceTitle "CBM 156 Extra"]
[Source "ChessBase"]
[SourceDate "2013.10.22"]
[SourceVersion "1"]
[SourceVersionDate "2013.10.22"]
[SourceQuality "1"]

1. e4 c5 2. Nf3 e6 3. d4 cxd4 4. Nxd4 a6 5. Nc3 b5 6. a3 Bb7 7. Be2 Qc7 8. 0-0 Nf6 9. Bf3 d6 10. Bg5 Nbd7 11. g3 Be7 12. Bg2 Ne5 13. Qe2 Nc4 14. b4 Qb6 15. Nf3 h6 16. Bf4 Rc8 17. Nd2 e5 18. Nxc4 Rxc4 19. Bd2 0-0 20. a4 Rfc8 21. Be3 Qc6 22. axb5 axb5 23. Nd5 Nxd5 24. exd5 Qe8 25. Ra7 Ba8 26. Rfa1 e4 27. Bh3 Rb8 28. Qg4 Bf6 29. Rd1 Qe5 30. Bf4 h5 31. Qd7 Qe8 32. Bxd6 Qxd7 33. Bxd7 Rd8 34. Bc5 Rxc2 35. Bxb5 Bxd5 36. Bb6 Rb8 37. Ba4 Rc4 38. Rxd5 Rxb6 39. Rxh5 g6 40. Rc5 Rcxb4 41. Ra8+ Kg7 42. Bc6 Rb2 43. Rc1 Bd4 44. Re8 Rxf2 45. Kh1 Rbb2 0-1

[Event "Fraiburgo Alvino Memorial 3rd"]
[Site "Fraiburgo"]
[Date "2013.07.21"]
[Round "5"]
[White "Lazzarin, Patrick"]
[Black "Dos Reis, Nicolas Rodrigues"]
[Result "1/2-1/2"]
[WhiteElo "1815"]
[BlackElo "1845"]
[PlyCount "37"]
[EventDate "2013.07.19"]
[EventType "swiss"]
[EventRounds "6"]
[EventCountry "BRA"]
[SourceTitle "CBM 155 Extra"]
[Source "ChessBase"]
[SourceDate "2013.08.26"]
[SourceVersion "1"]
[SourceVersionDate "2013.08.26"]
[SourceQuality "1"]

1. e4 c5 2. Nf3 e6 3. d4 cxd4 4. Nxd4 Nc6 5. Nc3 Qc7 6. Be3 a6 7. Qd2 Nf6 8. f3 Bb4 9. 0-0-0 Ne7 10. Nde2 d5 11. Bf4 e5 12. exd5 Nexd5 13. Bg3 0-0 14. Kb1 Be6 15. Nxd5 Nxd5 16. c3 Be7 17. Nc1 Rfe8 18. Bd3 b5 19. Rhf1 1/2-1/2

[Event "BRA-ch U20"]
[Site "Paranavai"]
[Date "2013.06.15"]
[Round "6"]
[White "Queiroz, Alberto Becker"]
[Black "Dos Reis, Nicolas Rodrigues"]
[Result "1-0"]
[WhiteElo "1983"]
[BlackElo "1880"]
[PlyCount "137"]
[EventDate "2013.06.13"]
[EventType "swiss"]
[EventRounds "7"]
[EventCountry "BRA"]
[SourceTitle "CBM 155 Extra"]
[Source "ChessBase"]
[SourceDate "2013.08.26"]
[SourceVersion "1"]
[SourceVersionDate "2013.08.26"]
[SourceQuality "1"]

1. e4 c5 2. Nf3 e6 3. g3 Nc6 4. Bg2 Qc7 5. 0-0 Nf6 6. d3 Be7 7. Nbd2 0-0 8. a4 d5 9. exd5 exd5 10. d4 Bf5 11. dxc5 Bxc5 12. Nb3 Be7 13. Bf4 Qd7 14. c3 Bh3 15. Bg5 Bxg2 16. Kxg2 Rad8 17. Bxf6 Bxf6 18. Qd3 Qg4 19. Qb5 Qc8 20. Rfd1 a6 21. Qb6 Rfe8 22. Rd2 g5 23. Rad1 g4 24. Nfd4 Bg7 25. Nxc6 bxc6 26. Nd4 Bxd4 27. Rxd4 Re2 28. Rf4 Rde8 29. Rdd4 h5 30. Rf6 R2e6 31. Rdf4 Rxf6 32. Rxf6 Re6 33. Rf5 Rh6 34. Rg5+ Kh7 35. Qd4 f6 36. Qd3+ Kh8 37. Rf5 Qe6 38. Rf4 Rh7 39. Qg6 Qf7 40. Rxf6 Qxg6 41. Rxg6 Rc7 42. Rh6+ Kg7 43. Rxh5 Rb7 44. b4 Kg6 45. Re5 Kf6 46. Re8 a5 47. bxa5 Ra7 48. Rc8 Ra6 49. f3 gxf3+ 50. Kxf3 Ke6 51. h4 Kd7 52. Rf8 Rxa5 53. Rf4 Rc5 54. h5 Rxc3+ 55. Kg4 Rc1 56. Kg5 Rg1 57. g4 c5 58. Rf2 c4 59. Rc2 Ke6 60. h6 Kf7 61. Kf5 Rf1+ 62. Ke5 Ra1 63. Kxd5 Rxa4 64. Rxc4 Ra1 65. Ke4 Rf1 66. Rc6 Rf2 67. g5 Rg2 68. h7 Rh2 69. Rh6 1-0

[Event "Maringa op 2nd"]
[Site "Maringa"]
[Date "2012.08.10"]
[Round "5"]
[White "Dos Reis, Nicolas Rodrigues"]
[Black "Utiyama, Marcel Heimar Ribei"]
[Result "0-1"]
[WhiteElo "1897"]
[BlackElo "2126"]
[PlyCount "106"]
[EventDate "2012.08.08"]
[EventType "swiss"]
[EventRounds "9"]
[EventCountry "BRA"]
[SourceTitle "CBM 149 Extra"]
[Source "ChessBase"]
[SourceDate "2012.08.24"]
[SourceVersion "1"]
[SourceVersionDate "2012.08.24"]
[SourceQuality "1"]

1. d4 Nf6 2. c4 g6 3. Nc3 d5 4. Bg5 Ne4 5. Bh4 Nxc3 6. bxc3 dxc4 7. Rb1 Nd7 8. e3 Nb6 9. Bxc4 Nxc4 10. Qa4+ Qd7 11. Qxc4 Qg4 12. Bg3 Qe4 13. Rb5 Qxg2 14. Qd5 Qxd5 15. Rxd5 b6 16. Rb5 Bb7 17. f3 Bg7 18. Kf2 0-0 19. Ne2 Rac8 20. h4 h5 21. a4 Rfd8 22. Rb2 Rd5 23. Ra1 Rf5 24. f4 a5 25. Ke1 Rf6 26. Kd2 Bd5 27. Rab1 Rc6 28. Ra1 f5 29. Ng1 Rc4 30. Ne2 Bc6 31. Rba2 Be4 32. Rb2 Bf6 33. Be1 e6 34. Kd1 Bd8 35. Kd2 Kf7 36. Kd1 Ke7 37. Rba2 c6 38. Ng3 Bd5 39. Nf1 c5 40. Ke2 cxd4 41. exd4 Bc6 42. Rc2 b5 43. Ne3 Rxa4 44. Rxa4 bxa4 45. Kd2 Bc7 46. Bg3 Rb8 47. Nd1 Kd6 48. Ra2 Kd5 49. Kd3 Bb5+ 50. Kd2 Ke4 51. c4 Bxc4 52. Rc2 Rb4 53. Nc3+ Kf3 0-1

[Event "BRA-ch U18"]
[Site "Sao Paulo"]
[Date "2012.04.28"]
[Round "2"]
[White "Dos Reis, Nicolas Rodrigues"]
[Black "De Almeida, Vitor Felipe"]
[Result "1-0"]
[WhiteElo "1895"]
[BlackElo "1790"]
[PlyCount "91"]
[EventDate "2012.04.28"]
[EventType "swiss"]
[EventRounds "7"]
[EventCountry "BRA"]
[SourceTitle "CBM 148 Extra"]
[Source "ChessBase"]
[SourceDate "2012.06.22"]
[SourceVersion "1"]
[SourceVersionDate "2012.06.22"]
[SourceQuality "1"]

1. d4 d5 2. Nc3 c6 3. e4 e6 4. Nf3 Nd7 5. Be2 Bb4 6. e5 Qc7 7. 0-0 c5 8. Nb5 Qb8 9. Nd6+ Kf8 10. c3 Ba5 11. Bd3 Bc7 12. Nb5 a6 13. Nxc7 Qxc7 14. Ng5 h6 15. Qh5 Nb8 16. Nh3 g6 17. Qh4 Kg7 18. f4 Ne7 19. Be3 cxd4 20. Bxd4 Nbc6 21. Be3 Qd8 22. Qf2 Nf5 23. Bxf5 exf5 24. Rad1 Qa5 25. a3 Be6 26. Rd2 Qb5 27. Qh4 Na5 28. Bd4 Nb3 29. Rdd1 Nxd4 30. Rxd4 Qxb2 31. Rb4 Qxc3 32. Rxb7 Qxa3 33. Qf6+ Kg8 34. Re7 Rb8 35. Rxe6 fxe6 36. Qxe6+ Kf8 37. Qf6+ Kg8 38. Qxg6+ Kf8 39. Qxf5+ Ke7 40. Qf6+ Kd7 41. e6+ Kd6 42. e7+ Kd7 43. Re1 Rbe8 44. Qe6+ Kc7 45. f5 Qd6 46. Rc1+ 1-0